RESEARCH IN PSYCHOTHERAPY & COUNSELLING (Record no. 8381)

MARC details
000 -LEADER
fixed length control field 00339nam a22001457a 4500
003 - CONTROL NUMBER IDENTIFIER
control field SGT
020 ## - INTERNATIONAL STANDARD BOOK NUMBER
International Standard Book Number 978-1-4129-4579-0
082 ## - DEWEY DECIMAL CLASSIFICATION NUMBER
Classification number 610.72, R08T
100 ## - MAIN ENTRY--PERSONAL NAME
Personal name TIMULAK, LADISLAV
245 ## - TITLE STATEMENT
Title RESEARCH IN PSYCHOTHERAPY & COUNSELLING
260 ## - PUBLICATION, DISTRIBUTION, ETC. (IMPRINT)
Place of publication, distribution, etc LOS ANGELS
Name of publisher, distributor, etc SAGE PUB.
Year of Publication 2008
300 ## - PAGE DESCRIPTION
No. of Pages 2017
650 ## - SUBJECT ADDED ENTRY--TOPICAL TERM
Topical term or geographic name as entry element RESEARCH
942 ## - ADDED ENTRY ELEMENTS (KOHA)
Source of classification or shelving scheme Dewey Decimal Classification
Koha item type Books
Holdings
Withdrawn status Lost status Source of classification or shelving scheme Damaged status Not for loan Collection code Home library Current library Shelving location Date acquired Vendor Name Cost, normal purchase price SGTU Bill Number Total Checkouts Full call number Accession No. (Barcode) Date last seen Bill Date Koha item type
    Dewey Decimal Classification     MEDICAL SGT Medical Library SGT Medical Library Record Book 14/03/2016 AHUJA BOOK COMPANY 2683.00 SGTU 6069   610.72, R08T FM7379 14/03/2016 11/09/2015 Books